00844nam a2200229Ia 4500003000400000005001700004008004100021040000700062041001200069082001600081100007300097245005900170260005100229300001500280365001200295650002600307650003100333906003700364942001200401999001900413952018200432OSt20250620165456.0210719s2012 xx 000 0 und d cAL aKannada aK894.2 KRIK aKRISHNAMURTI (K)dಕೃಷ್ಣಮೂರ್ತಿ (ಕೆ)9215734 aKannad yajnaphalabಕನ್ನಡ ಯಜ್ಞಫಲ  aBengalurubKrishnamurti Foundation Trustc2012 axx,115bPB b100cRs aKannada Drama9215735 aKannada literature9215736 aKannada ; yajnafala ; yajnaphala 2ddccBK c211856d211856 001040708KannadaaALbALd2021-02-24eGeneral Annual | Navakarnataka Publication Pvt Ltd Mangaloreg100.00l0oK894.2 KRIKp074670r2021-07-19 00:00:00v80.00w2021-07-19yBK